Abrazo austral : poesía del sur de argentina y chile /
Guardado en:
| Autor Principal: | |
|---|---|
| Otros Autores: | |
| Formato: | Libro |
| Publicado: |
Buenos Aires :
Instituto Movilizador de Fondos Cooperativos,
2000
|
| Series: | Desde la gente
|
| Materias: | |
| Etiquetas: |
Agregar Etiqueta
Sin Etiquetas, Sea el primero en etiquetar este registro!
|
| LEADER | 01202nam a22002535a 4500 | ||
|---|---|---|---|
| 001 | CEM.cems010827 | ||
| 005 | 20080317091812.0 | ||
| 008 | 130507s2000##################000#0#####d | ||
| 003 | CEMS | ||
| 020 | |a 9508600853 | ||
| 082 | 0 | 4 | |a A861.4 |
| 100 | 1 | |a Correas, María Eugenia | |
| 245 | 1 | 0 | |a Abrazo austral : |b poesía del sur de argentina y chile / |c Prólogo de María Eugenia Correas |
| 260 | |a Buenos Aires : |b Instituto Movilizador de Fondos Cooperativos, |c 2000 | ||
| 300 | |a 117 p. | ||
| 490 | 0 | |a Desde la gente | |
| 505 | 0 | |a Cristian Aliaga -- Raúl Artola -- Niní Bernardello -- Laura Calvo -- Ricardo Costa -- Irma Cuña -- Alberto Fritz -- Irma Hughes -- Raúl Mansilla -- Juan Carlos Moisés -- Jorge Spíndola -- Sergio Mansilla ( Poesía en Chiloé) -- Sonia Caicheo -- Mario Contreras Vega -- Carlos Trujillo -- Aristóteles España -- Nelson Antonio Torres -- Rosabetty Muñoz -- Mario García -- Jorge Velásquez | |
| 653 | |a Literatura | ||
| 653 | |a Literatura argentina siglo 19 | ||
| 653 | |a Literatura patagónica | ||
| 653 | |a Poesías | ||
| 653 | |a Poesías argentinas siglo 19 | ||
| 700 | 1 | |a Mansilla, Sergio, pról. | |
| 859 | |a CEMS |b BIB. CEMS - 11 de abril |h A861.4 |i C818 |p 21477.01 |t Ej.1 | ||
